Giải pháp nâng cao mức độ thỏa mãn công việc của nhân viên khối văn phòng ở các doanh nghiệp ngoài quốc doanh trên địa bàn tỉnh Vĩnh Long : Luận văn tốt nghiệp cao học. Chuyên ngành Quản trị kinh doanh

Đánh giá chung về thực trạng công việc của nhân viên văn phòng ngoài quốc doanh tại Vĩnh Long; phân tích các nhân tố ảnh hưởng đến sự thỏa mãn công việc của nhân viên khối văn phòng ngoài quốc doanh trên địa bàn nghiên cứu; đề xuất giải pha...

Fuld beskrivelse

Đã lưu trong:
Bibliografiske detaljer
Hovedforfatter: Võ, Thanh Tuấn
Format: Bog
Sprog:Undetermined
Udgivet: Cần Thơ Trường Đại học Cần Thơ 2016
Fag:
Tags: Tilføj Tag
Ingen Tags, Vær først til at tagge denne postø!
Thư viện lưu trữ: Trung tâm Học liệu Trường Đại học Cần Thơ
LEADER 01466nam a2200217Ia 4500
001 CTU_209640
008 210402s9999 xx 000 0 und d
082 |a 658.409 
082 |b T502 
088 |a 60340102 
100 |a Võ, Thanh Tuấn 
245 0 |a Giải pháp nâng cao mức độ thỏa mãn công việc của nhân viên khối văn phòng ở các doanh nghiệp ngoài quốc doanh trên địa bàn tỉnh Vĩnh Long : 
245 0 |b Luận văn tốt nghiệp cao học. Chuyên ngành Quản trị kinh doanh 
245 0 |c Võ Thanh Tuấn ; Lưu Thanh Đức Hải (Hướng dẫn khoa học) 
260 |a Cần Thơ 
260 |b Trường Đại học Cần Thơ 
260 |c 2016 
520 |a Đánh giá chung về thực trạng công việc của nhân viên văn phòng ngoài quốc doanh tại Vĩnh Long; phân tích các nhân tố ảnh hưởng đến sự thỏa mãn công việc của nhân viên khối văn phòng ngoài quốc doanh trên địa bàn nghiên cứu; đề xuất giải pháp nhằm nâng cao mức độ thảo mãn công việc của nhân viên văn phòng ngoài quốc doanh tại đây 
650 |a Quản trị nhân sự,Personnel management 
904 |i Nguyễn Thị Phương Thảo (Nguyên) 
980 |a Trung tâm Học liệu Trường Đại học Cần Thơ